000 01272nmm a2200433 a 4500
003 AR-BaBNM
005 20251128211801.0
008 126020s2005 ||||||||||||||000 | spa||
020 _a987-22203-0-1
040 _cAR-BaBNM
245 1 0 _aHacia un plan nacional contra la discriminación
_bla discriminación en Argentina : diagnóstico y propuestas
250 _a1ª ed.
260 _aBuenos Aires
_bINADI
_c2005
300 0 _a400 p.
500 0 _aContiene anexos con información vinculada al tema
650 4 _aDERECHOS HUMANOS
650 4 _aDISCRIMINACION RACIAL
650 4 _aDISCRIMINACION RELIGIOSA
650 4 _aDISCRIMINACION SEXUAL
650 4 _aMINORIAS ETNICAS
650 4 _aINMIGRANTES
650 4 _aNINEZ
650 4 _aADOLESCENCIA
650 4 _aTERCERA EDAD
650 4 _aLEGISLACION ARGENTINA
650 4 _aDERECHO INTERNACIONAL
650 4 _aPOLITICAS PUBLICAS
653 0 _aGENERO
653 0 _aDISCRIMINACION EDUCATIVA
700 1 _aVillalpando, Waldo
_ecoordinador
700 1 _aFeierstein, Daniel
700 1 _aFernández, Norma
700 1 _aGonzález, Ana
700 1 _aRavenna, Horacio
700 1 _aSonderéguer, María
700 1 _aCassino, Miranda
_ecolaborador
942 _cBK
998 _cme-solo cat
999 _c21098
_d21098